| 000 | 02329nab a2200277 a 4500 | ||
|---|---|---|---|
| 005 | 20250123123213.0 | ||
| 008 | 991125c2016 sp qr p o 000 0 spa d | ||
| 035 | _aUPN01000214231 | ||
| 040 |
_aUPN _bspa _cUPN _eaacr2 |
||
| 049 | _aART-E | ||
| 100 | 1 | _aCárdenas García, Pablo Juan | |
| 100 | 1 | _aPulido Fernández, Juan Ignacio | |
| 100 | 1 | _aCarrillo Hidalgo, Isabel | |
| 245 | 1 | 0 | _aAdquisición de competencias en el Grado de Turismo mediante el aprendizaje basado en estudios de caso |
| 506 | 0 | _aAcceso abierto | |
| 520 | 3 | _aEl mercado laboral demanda profesionales que posean habilidades más allá de los contenidos de los propios planes de estudios: las denominadas competencias clave o transversales, lo que implica que los agentes que intervienen en el proceso de ensenanza-aprendizaje ˜ del alumnado tienen que desarrollar metodologías docentes que permitan una adecuada adquisición de dichas competencias. Este artículo tiene como objetivo analizar si el estudio de caso favorece más el desarrollo de competencias transversales que otras metodologías tradicionales. Esta metodología se ha aplicado en las asignaturas de Economía Aplicada impartidas en el Grado de Turismo de la Universidad de Jaén. Así, mediante el uso de técnicas estadísticas inferenciales aplicadas a una muestra de alumnos dividida en 2 grupos (grupo de control: aquellos que han seguido métodos de docencia tradicionales; grupo experimental: aquellos que han utilizado el estudio de caso como metodología docente), los resultados obtenidos apoyan que existen diferencias significativas, en cuanto a la adquisición de las competencias claves o transversales, dependiendo de la metodología docente utilizada. Por tanto, la experiencia descrita aporta evidencias de que la metodología del estudio de caso podría mejorar la adquisición de competencias transversales del alumnado que cursa el Grado de Turismo en la Universidad de Jaén | |
| 650 | 4 |
_aEstudio de casos _953642 |
|
| 650 | 4 |
_aTurismo _913263 |
|
| 650 | 4 |
_aAprendizaje _92861 |
|
| 653 | 0 | _aAdquisicón de competencias | |
| 773 |
_gVol. 44, no. 1 (2016), p. 15-22 _tAula abierta (España) _x0210-2773 |
||
| 856 | 4 | _uhttps://reunido.uniovi.es/index.php/AA/article/view/11661 | |
| 902 | _aGloria Jiménez/230125 | ||
| 905 | _aArticulo | ||
| 942 | _cART-E | ||
| 999 |
_c186331 _d186331 |
||